000 00582nam a2200181 i 4500
001 97418
003 ES-MaACL
005 20230906182110.0
007 t|
008 050712s1970 sp ||||1| spa d
100 1 _aMarco Bordetas, Luis.
_976476
245 1 3 _aEl sujeto y el objeto /
_cLuis Marco Bordetas; dibujos José Blanco; portada Alberto Muñiz.
260 _aMadrid :
_bSociedad General de Difusión,
_c1970.
300 _a112 p., 3 h., 7 lám. ;
_c25 cm.
700 1 _aBlanco, José.
_929185
700 1 _aMuñiz, Alberto.
_984257
852 _aES-MaACL
_jC-37768
_bR.76327
999 _c97418
_d97418